00532nam a2200193 a 4500001001300000003000900013005001700022008004100039020002300080082001900103100002200122245006200144260003500206300000900241500003500250505001000285650002100295700002200316nice12345678IN_TiNIC20260116014455.0070319s2001 dela grp 000 0 urd  a8178241196 c29500a297.0954bROB1 aRobinson, Francis aUlama of Farangi Mahall and Islamic Culture in South Asia aDelhi bPermanent Black c2001 a267p aincludes index and biblioraphy2 aIndex aIslam-South Asia1 aRobinson, Francis